00793nam a2200265 a 4500001001300000003000900013005001700022008004100039020001000080082002100090100002300111245002700134260003300161300000900194500003500203505002800238650002600266650002500292650001900317700002300336902000800359942000700367952013600374999001700510nice12345678IN_TiNIC20260116015244.0050524s1996 kara grp 000 0 eng  ac10000a340.5905491bBAL aBalchin, Cassandra aWomen, Law and Society aKarachi bShirkat Gah c1996 a259p aincludes index and biblioraphy2 adialogue Nov, 1-7,1991. aMuslim Women-Pakistan aIslamic-Law Pakistan aWomen-Pakistan1 aBalchin, Cassandra bSRS cBK 001040708StackRoom-aHMIbHMId2010-01-28g100.00l1o340.5905491 BALp11000776r2018-02-09s2018-02-09v100.00w2005-05-24yBK c18941d18941